Introduction to Molecular Biology (Record no. 12941)

MARC details
000 -LEADER
fixed length control field 00519nam a22002057a 4500
001 - CONTROL NUMBER
control field nam a22 7a 4500
003 - CONTROL NUMBER IDENTIFIER
control field OSt
005 - DATE AND TIME OF LATEST TRANSACTION
control field 20211015102224.0
007 - PHYSICAL DESCRIPTION FIXED FIELD--GENERAL INFORMATION
fixed length control field nam a22 7a 4500
008 - FIXED-LENGTH DATA ELEMENTS--GENERAL INFORMATION
fixed length control field 211015b |||||||| |||| 00| 0 eng d
010 ## - LIBRARY OF CONGRESS CONTROL NUMBER
LC control number nam a22 7a 4500
020 ## - INTERNATIONAL STANDARD BOOK NUMBER
International Standard Book Number 8126113375
040 ## - CATALOGING SOURCE
Transcribing agency HU
082 ## - DEWEY DECIMAL CLASSIFICATION NUMBER
Classification number 572.8/RAJ/2003
100 ## - MAIN ENTRY--PERSONAL NAME
Personal name Rajan S. Sundara
9 (RLIN) 13865
245 ## - TITLE STATEMENT
Title Introduction to Molecular Biology
260 ## - PUBLICATION, DISTRIBUTION, ETC.
Place of publication, distribution, etc. New Delhi
Name of publisher, distributor, etc. 572.8/RAJ/2003
Date of publication, distribution, etc. 2003
300 ## - PHYSICAL DESCRIPTION
Extent 395p
942 ## - ADDED ENTRY ELEMENTS (KOHA)
Source of classification or shelving scheme Dewey Decimal Classification
Koha item type Books like text book referance book
Suppress in OPAC No
Holdings
Withdrawn status Lost status Source of classification or shelving scheme Damaged status Not for loan Home library Current library Date acquired Total Checkouts Full call number Barcode Date last seen Copy number Price effective from Koha item type
    Dewey Decimal Classification     Natural & Computational Science Library Natural & Computational Science Library 10/15/2021   572.8/RAJ/2003 NCSLIB00006469 10/15/2021 4 10/15/2021 Books like text book referance book
    Dewey Decimal Classification     Natural & Computational Science Library Natural & Computational Science Library 10/15/2021   572.8/RAJ/2003 NCSLIB00006470 10/15/2021 5 10/15/2021 Books like text book referance book
    Dewey Decimal Classification     Natural & Computational Science Library Natural & Computational Science Library 10/15/2021   572.8/RAJ/2003 NCSLIB00006471 10/15/2021 6 10/15/2021 Books like text book referance book
    Dewey Decimal Classification     Natural & Computational Science Library Natural & Computational Science Library 10/15/2021   572.8/RAJ/2003 7 10/15/2021   10/15/2021 Books like text book referance book